000 00498nam a2200169Ia 4500
008 230917s9999||||xx |||||||||||||| ||und||
020 _cRS 1250.00
040 _e5006120
_aMAIN
041 _aEnglish
082 _a320.84 M896G
100 _aMukherjee, Amitava
245 0 _aGram panchayat planning: Essays in honour of B N Yugandhar
260 _aNew Delhi
_bConcept Publishing Company
_c2021
300 _axxi, 266 p.
500 _a4367 14/01/2022 IF22/1059 15/01/2022 Main Budget
942 _cBK
999 _c4488
_d4488